Language and philosophical problems
In this book it will be show how various manifestations of this calculus conception are at the root of several conceptual and philosophical problems of current interest. It will be seen that many of these conceptual problems have roots crossing the current classification boundaries of a variety of p...
Gorde:
| Egile nagusia: | |
|---|---|
| Formatua: | Liburua |
| Hizkuntza: | Undetermined |
| Argitaratua: |
London
Routledge
1990
|
| Gaiak: | |
| Etiketak: |
Etiketa erantsi
Etiketarik gabe, Izan zaitez lehena erregistro honi etiketa jartzen!
|
| Thư viện lưu trữ: | Trung tâm Học liệu Trường Đại học Cần Thơ |
|---|
| LEADER | 01056nam a2200217Ia 4500 | ||
|---|---|---|---|
| 001 | CTU_14952 | ||
| 008 | 210402s9999 xx 000 0 und d | ||
| 020 | |b MHO4 | ||
| 082 | |a 121.68 | ||
| 082 | |b S826 | ||
| 100 | |a Stenlund, Sõren | ||
| 245 | 0 | |a Language and philosophical problems | |
| 245 | 0 | |c Sõren Stenlund | |
| 260 | |a London | ||
| 260 | |b Routledge | ||
| 260 | |c 1990 | ||
| 520 | |a In this book it will be show how various manifestations of this calculus conception are at the root of several conceptual and philosophical problems of current interest. It will be seen that many of these conceptual problems have roots crossing the current classification boundaries of a variety of philosophical problems. As a consequence, this study will be devoted to related problems in the philosophies of language, mathematics, and mind, and in the philosophical discussion of Artificial Intelligence | ||
| 650 | |a Languages,Ngôn ngữ học | ||
| 650 | |x philosophy | ||
| 904 | |i Minh | ||
| 980 | |a Trung tâm Học liệu Trường Đại học Cần Thơ | ||